000
00396nam a2200133Ia 4500
008
151001s9999||||xx |||||||||||||| ||und||
100
_a
सुधाकर सातोस्कर
245
_a
देवाघरची नाती
250
_a
1
260
_b
मॅजेस्टीक प्रकाशन मुंबई
260
_c
1985
300
_a
85
365
_b
18
999
_c
965664
_d
965661